MARC
|
|
|
|
| LEADER |
00000nam0a2200000 4500 |
| 001 |
305678 |
| 005 |
20231102001825.0 |
| 020 |
|
|
|a RU
|b 83-44943
|
| 035 |
|
|
|a (RuTPU)RU\TPU\book\330950
|
| 090 |
|
|
|a 305678
|
| 100 |
|
|
|a 20150929d1983 km y0rusy5003 ca
|
| 101 |
0 |
|
|a rus
|
| 102 |
|
|
|a RU
|
| 105 |
|
|
|a a z 001zy
|
| 200 |
1 |
|
|a Контрольно-сортировочные автоматы
|f Я. Л. Либерман, В. В. Кувшинский
|
| 210 |
|
|
|a Москва
|c Машиностроение
|d 1983
|
| 215 |
|
|
|a 96 с.
|c ил.
|
| 320 |
|
|
|a Библиогр.: с. 95
|
| 606 |
1 |
|
|a Контрольно-измерительные инструменты и приборы в машиностроении
|2 stltpush
|3 (RuTPU)RU\TPU\subj\15557
|9 41792
|
| 610 |
1 |
|
|a сортировки автоматические
|
| 610 |
1 |
|
|a сортировочные автоматы
|
| 610 |
1 |
|
|a транспортирующие устройства
|
| 610 |
1 |
|
|a контрольные устройства
|
| 610 |
1 |
|
|a вспомогательные устройства
|
| 610 |
1 |
|
|a настройки
|
| 610 |
1 |
|
|a поднастройки
|
| 610 |
1 |
|
|a конструкции
|
| 675 |
|
|
|a 621.002.56
|z rus
|v 3
|
| 700 |
|
1 |
|a Либерман
|b Я. Л.
|g Яков Львович
|4 070
|
| 701 |
|
1 |
|a Кувшинский
|b В. В.
|g Владимир Владимирович
|4 070
|
| 801 |
|
0 |
|a RU
|b RuMRKP
|c 19950704
|g psbo
|
| 801 |
|
1 |
|a RU
|b 63413507
|c 20150929
|
| 801 |
|
2 |
|a RU
|b 63413507
|c 20180704
|g RCR
|
| 942 |
|
|
|c BK
|